ARRUPE JESUIT UNIVERSITY

CORONAVIRUS -STOP THE SPREAD - CLEAN,DISINFECT,COVER

Darwin's doubt : (Record no. 126267)

MARC details
000 -LEADER
fixed length control field 01449cam a2200337 i 4500
001 - CONTROL NUMBER
control field 17740638
003 - CONTROL NUMBER IDENTIFIER
control field ARRUPE
005 - DATE AND TIME OF LATEST TRANSACTION
control field 20170309145533.0
008 - FIXED-LENGTH DATA ELEMENTS--GENERAL INFORMATION
fixed length control field 130516s2013 nyuaf b 001 0 eng
010 ## - LIBRARY OF CONGRESS CONTROL NUMBER
LC control number 2013004594
020 ## - INTERNATIONAL STANDARD BOOK NUMBER
International Standard Book Number 9780062071477 (hbk.)
020 ## - INTERNATIONAL STANDARD BOOK NUMBER
International Standard Book Number 9780062071484 (pbk.)
040 ## - CATALOGING SOURCE
Original cataloging agency DLC
Language of cataloging eng
Transcribing agency DLC
Description conventions rda
Modifying agency DLC
042 ## - AUTHENTICATION CODE
Authentication code pcc
050 00 - LIBRARY OF CONGRESS CALL NUMBER
Classification number QH325
Item number .M47 2013
082 00 - DEWEY DECIMAL CLASSIFICATION NUMBER
Classification number 576.8/2
Edition number 23
300 ## - PHYSICAL DESCRIPTION
Dimensions 23 cm
100 1# - MAIN ENTRY--PERSONAL NAME
Personal name Meyer, Stephen C.
9 (RLIN) 29285
245 10 - TITLE STATEMENT
Title Darwin's doubt :
Remainder of title the explosive origin of animal life and the case for intelligent design /
Statement of responsibility, etc Stephen C. Meyer.
250 ## - EDITION STATEMENT
Edition statement First Edition.
260 ## - PUBLICATION, DISTRIBUTION, ETC. (IMPRINT)
Place of publication, distribution, etc New York
Name of publisher, distributor, etc Harper Collins Publishers
Date of publication, distribution, etc 2013
300 ## - PHYSICAL DESCRIPTION
Extent xiii, 540p. ;
504 ## - BIBLIOGRAPHY, ETC. NOTE
Bibliography, etc Includes bibliographical references (pages 454-480) and index.
600 10 - SUBJECT ADDED ENTRY--PERSONAL NAME
Personal name Darwin, Charles,
Dates associated with a name 1809-1882.
9 (RLIN) 6790
650 #0 - SUBJECT ADDED ENTRY--TOPICAL TERM
Topical term or geographic name as entry element Life
General subdivision Origin.
9 (RLIN) 29286
650 #0 - SUBJECT ADDED ENTRY--TOPICAL TERM
Topical term or geographic name as entry element Evolution (Biology)
9 (RLIN) 10545
650 #0 - SUBJECT ADDED ENTRY--TOPICAL TERM
Topical term or geographic name as entry element Intelligent design (Teleology)
9 (RLIN) 19291
906 ## - LOCAL DATA ELEMENT F, LDF (RLIN)
a 7
b cbc
c orignew
d 1
e ecip
f 20
g y-gencatlg
942 ## - ADDED ENTRY ELEMENTS (KOHA)
Source of classification or shelving scheme Library of Congress Classification
Koha item type Monograph ( Printed materials)
Holdings
Withdrawn status Lost status Source of classification or shelving scheme Damaged status Not for loan Collection code Home library Current library Shelving location Date acquired Total Checkouts Full call number Barcode Date last seen Date checked out Price effective from Koha item type
    Library of Congress Classification     Main Collection ARRUPE LIBRARY ARRUPE LIBRARY Main Collection 09/03/2017 1 QH325 .M47 2013 46500025617 02/07/2019 20/03/2017 09/03/2017 Monograph ( Printed materials)

 

Arrupe Library. PO Box MP320 Mt Pleasant, Harare, Zimbabwe
263 242 745411|librarian@aju.ac.zw